| 000 | 00327nam a2200133 i 4500 | ||
|---|---|---|---|
| 001 | bg | ||
| 100 | 1 | _aKORYN, Andrzej | |
| 245 | 0 |
_aRumunia w polityce wielkich mocarstw 1944-1947 / _cAndrzej Koryn. |
|
| 260 |
_aWrocław, _c1983. |
||
| 040 | _cBPK | ||
| 041 | _apol | ||
| 942 | _cKS | ||
| 008 | s pl f |000 0 pol | ||
| 999 |
_c22825 _d22825 |
||
| 856 |
_uhttp://koha.tu.koszalin.pl/cgi-bin/koha/opac-detail.pl?biblionumber=22825 _yKatalog online BPK |
||